000 00703nam a2200253Ia 4500
003 OSt
005 20220918163555.0
006 a|||||r|||| 00| 0
007 ta
008 220917b |||||||| |||| 00| 0 eng d
020 _a0143030426
024 _a223,441
037 _cTextual
040 _aARTS
_cARTS
_beng
041 _2eng
_aeng
082 _aO1119(Y11)x, P3
100 _aDas Monica Ed.
_913912
245 0 _aHer story so far
_b Tales of the girl child in India
260 _aNew Delhi
_bPenguin books India
_c2003
300 _axviii, 194p
_ccm.
650 _aENGLISH LITERATURE
942 _hO1119(Y11)x, P3
_cTEXL
_2CC
999 _c120223
_d120223